[Event "IECG CP.2005.P.00080 email"]
[Site "IECG email"]
[Date "2005.10.01"]
[Round "?"]
[White "Ojeda, Jose Luis"]
[Black "Tretiakov, Denis"]
[Result "1-0"]
[WhiteElo "2292"]
[BlackElo "1000"]
[PlyCount "37"]
[EventDate "2005.10.01"]
[EventType "tourn (corr)"]
[EventRounds "6"]
[SourceTitle "Corr 2008"]
[Source "ChessBase"]
[SourceDate "2008.06.24"]
[SourceVersion "1"]
[SourceVersionDate "2008.06.24"]
[SourceQuality "1"]

1. d4 Nf6 2. c4 g6 3. Nc3 Bg7 4. e4 d6 5. Nf3 0-0 6. h3 e5 7. d5 a5 8. Bg5 Na6 9. Nd2 h6 10. Be3 Nd7 11. g4 Ndc5 12. Nb3 Nxb3 13. Qxb3 Qh4 14. Bg2 Bf6 15. 0-0-0 Bg5 16. Qc2 Bxe3+ 17. fxe3 Bd7 18. Kb1 Nc5 19. Rhf1 1-0

[Event "IECG CP.2005.P.00080 email"]
[Site "IECG email"]
[Date "2005.10.01"]
[Round "?"]
[White "Van Bommel, Ton"]
[Black "Tretiakov, Denis"]
[Result "1-0"]
[WhiteElo "1943"]
[BlackElo "1000"]
[PlyCount "115"]
[EventDate "2005.10.01"]
[EventType "tourn (corr)"]
[EventRounds "6"]
[SourceTitle "Corr 2011"]
[Source "ChessBase"]
[SourceDate "2010.08.31"]
[SourceVersion "1"]
[SourceVersionDate "2010.08.31"]
[SourceQuality "1"]

1. e4 e5 2. Nf3 Nc6 3. Bb5 a6 4. Ba4 Nf6 5. 0-0 Be7 6. Re1 b5 7. Bb3 d6 8. a4 Bg4 9. c3 0-0 10. d3 Na5 11. Ba2 c5 12. h3 Be6 13. Bxe6 fxe6 14. d4 exd4 15. cxd4 c4 16. axb5 axb5 17. Bg5 Nd7 18. Be3 Nb3 19. Rxa8 Qxa8 20. Nbd2 Nxd2 21. Bxd2 Qa2 22. Qc2 Ra8 23. Bc3 Qa4 24. Qd2 Qb3 25. Ba5 Nf8 26. Re3 Qa2 27. Bb4 Ng6 28. d5 e5 29. g3 Nh8 30. Ra3 Qb1+ 31. Qe1 Qxe1+ 32. Nxe1 Rxa3 33. Bxa3 Nf7 34. f3 Kf8 35. Nc2 Bd8 36. Bb4 Bb6+ 37. Kg2 Bd4 38. Na3 Bxb2 39. Nxb5 Ke7 40. Kf2 Kd7 41. Ke2 g5 42. g4 Bd4 43. Na3 c3 44. Nc4 Ke7 45. Kd3 Kd7 46. Kc2 Kc7 47. Ba3 Kd7 48. Kb1 Kc7 49. Kc1 Kd7 50. Kc2 Kc7 51. Bb4 Kd7 52. Kd3 Kc7 53. Na3 Kd7 54. Nb5 Bf2 55. Kc2 Be1 56. Ba3 Ke7 57. Kd3 c2 58. Kxc2 1-0